000
00300nam a2200109Ia 4500
008
171211s9999 xx 000 0 und d
245
_a
You Can Draw Star Wars
245
_c
Bonnie Burton
260
_c
2007
650
_x
Drawing
856
_u
http://down.ebook777.com/You%20Can%20Draw%20Star%20Wars.pdf
999
_c
348065
_d
348065